| 000 | 01850nam a2200337 a 4500 | ||
|---|---|---|---|
| 003 | DO-SdBNP | ||
| 005 | 20250120115839.0 | ||
| 007 | ta | ||
| 008 | 220530e20182017dr ao||fr|||| 001 e spa d | ||
| 020 | _a9789945610123 | ||
| 040 |
_aDO-SdBNP _bspa _cBNPHU |
||
| 082 | 4 |
_222 _bK29s 2018 |
|
| 100 | 1 |
_933627 _aKelsen, Hans, _d1881-1973 |
|
| 245 | 1 | 0 |
_aSobre la jurisdicción constitucional. / _cHans Kelsen; Prólogo, Luis Cervantes Liñán, Hermógenes Acosta de Los Santos; Editior, Domingo García Belaunde; Traductor; Rolando Tamayo y Salmorán.. [et. al]. |
| 260 |
_aSanto Domingo : _bTribunal Constitucional, _c2018 |
||
| 300 |
_a363 p. : _bil., fotogr. ; _c26 cm. |
||
| 500 | _aIncluye bibliografía y notas al pié de páginas. | ||
| 505 |
_tPresentación a la edición dominicana de Milton Ray Guevara.-- _tNota Liminar a la edición dominicana de Hermógenes Acosta de Los Santos.-- _tPresentación de Domingo García Balaunde.-- _tLiminar de Luis Cervantes Liñán.-- _tPara no escribir un prólogo: Observaciones sobre Kelsen y la Jurisdicción Constitucional. / _rÓscar Sarlo.-- _gPrimera Parte. _tHans Kelsen.-- _gSegunda parte. _tEstudios. |
||
| 590 | _aInventariado 2022 / MF | ||
| 600 |
_aKelsen, Hans _d1881-1973. _tSobre la Jurisdicción Constitucional. _v Crítica e interpretación Constitucional. _981734 |
||
| 650 | 4 |
_956229 _aDerecho Constitucional _zRepública Dominicana |
|
| 700 | 1 | 0 |
_aCervantes Linán, Luis _epról. _981727 |
| 700 | 1 | 4 |
_aAcosta de los Santos, Hermógenes _epról. _949375 |
| 700 | 4 |
_aTamayo y Salmorán, Rolando _981728 _etrad. |
|
| 700 | 4 |
_aGarcía Belaunde, Domingo _etrad. _981731 |
|
| 700 | 4 |
_aCastillo Benites, Percy _etrad. _981732 |
|
| 700 | 4 |
_aGarcía- Corrochano Moyano, Luis _etrad. _981733 |
|
| 710 | 4 |
_975427 _aTribunal Cosntitucional de la República Dominicana |
|
| 910 | _aMFeliz | ||
| 942 |
_2ddc _cLBS1 |
||
| 999 |
_c51847 _d51847 |
||